Southville International School and Colleges
Your cart is empty.
  • Cart
  • Lists
    Public lists Eva Luna New books Lux_list list_1
    Your lists Log in to create your own lists
  • Log in to your account
  • Your cookies
  • Search history
Southville International School and Colleges
  • Advanced search
  • Recent comments
  • Most popular
  • Libraries

Log in to your account

Log in with GOOGLE


If you do not have an external account, but do have a local account, you can still log in:

  1. Home
  2. MARC view: Firefox down
Normal view MARC view ISBD view

Firefox down (Record no. 10926)

[ view plain ]
MARC details
000 -LEADER
fixed length control field 00740cam a2200265 a 4500
001 - CONTROL NUMBER
control field 1408772
003 - CONTROL NUMBER IDENTIFIER
control field PILC
005 - DATE AND TIME OF LATEST TRANSACTION
control field 20160128120136.0
008 - FIXED-LENGTH DATA ELEMENTS--GENERAL INFORMATION
fixed length control field 830517s1983 onc 000 1 eng
010 ## - LIBRARY OF CONGRESS CONTROL NUMBER
LC control number 83090654
020 ## - INTERNATIONAL STANDARD BOOK NUMBER
International Standard Book Number 0722184492
040 ## - CATALOGING SOURCE
Original cataloging agency DLC
Transcribing agency DLC
Modifying agency DLC
050 00 - LIBRARY OF CONGRESS CALL NUMBER
Classification number PR 6070.H56
Item number .T454 1984
082 00 - DEWEY DECIMAL CLASSIFICATION NUMBER
Classification number FIC
Item number T36f 1983
100 1# - MAIN ENTRY--PERSONAL NAME
Personal name Thomas, Craig
Dates associated with a name 1942-2011.
9 (RLIN) 18265
245 10 - TITLE STATEMENT
Title Firefox down
Statement of responsibility, etc Craig Thomas
260 ## - PUBLICATION, DISTRIBUTION, ETC. (IMPRINT)
Place of publication, distribution, etc London :
Name of publisher, distributor, etc Sphere Books Limited,
Date of publication, distribution, etc c1984.
300 ## - PHYSICAL DESCRIPTION
Extent 340 p. :
Dimensions 18 cm.
650 ## - SUBJECT ADDED ENTRY--TOPICAL TERM
Topical term or geographic name as entry element Fiction.
9 (RLIN) 746
655 #7 - INDEX TERM--GENRE/FORM
Genre/form data or focus term Adventure stories.
Source of term gsafd
9 (RLIN) 2927
655 #7 - INDEX TERM--GENRE/FORM
Genre/form data or focus term Spy stories.
Source of term gsafd
9 (RLIN) 4765
906 ## - LOCAL DATA ELEMENT F, LDF (RLIN)
a 7
b cbc
c orignew
d u
e opcn
f 19
g y-gencatlg
942 ## - ADDED ENTRY ELEMENTS (KOHA)
Source of classification or shelving scheme Library of Congress Classification
Koha item type Books
Holdings
Withdrawn status Lost status Source of classification or shelving scheme Damaged status Home library Current library Shelving location Date acquired Total Checkouts Full call number Barcode Date last seen Copy number Price effective from Koha item type
    Library of Congress Classification   Luxembourg Library Luxembourg Library Fiction Section 09/11/2013   PR 6070.H56 .T454 1984 6909 09/11/2013 1 09/11/2013 Books

Firefox down

APA

Thomas C., . (1984). Firefox down. London: Sphere Books Limited.

Chicago

Thomas Craig, . 1984. Firefox down. London: Sphere Books Limited.

Harvard

Thomas C., . (1984). Firefox down. London: Sphere Books Limited.

MLA

Thomas Craig, . Firefox down. London: Sphere Books Limited. 1984.

  • Place hold
  • Print
  • Cite
  • Add to your cart (remove)
  • Save record
    BIBTEX Dublin Core MARCXML MARC (non-Unicode/MARC-8) MARC (Unicode/UTF-8) MARC (Unicode/UTF-8, Standard) MODS (XML) RIS
  • More searches
    Search for this title in:
    Other Libraries (WorldCat) Other Databases (Google Scholar) Online Stores (Bookfinder.com) Open Library (openlibrary.org)

Exporting to Dublin Core...

SOUTHVILLE LIBRARY

Southville International School and Colleges Library

1281 Tropical Ave. Cor. Luxembourg St., BF Homes International, Las Pinas City

Tel. No. 8256374 / 252358 Loc. 117/146

Powered by Koha